Cómo definir su mercado: estrategias ganadoras para empresas de alta tecnología, industriales y de servicio

Sparad:
Bibliografiska uppgifter
Huvudupphovsman: Weinstein, Art (Författare, medförfattare)
Materialtyp: Bok
Språk:spanska
Publicerad: Cuernavaca Panorama 2001
Upplaga:1a. ed
Ämnen:
Taggar: Lägg till en tagg
Inga taggar, Lägg till första taggen!

MARC

LEADER 00000cam a2200000 a 4500
001 UCD9024
003 CL-VaPUC
008 170602e20010000mx |||||||||||||||||spa|d
020 |a 9683809685 
082 0 4 |a 658.8  |b WEI  |2 21 
100 0 |a Weinstein, Art  |e author  |9 592694 
245 1 0 |a Cómo definir su mercado: estrategias ganadoras para empresas de alta tecnología, industriales y de servicio 
250 |a 1a. ed 
300 |a 222 p 
942 |c BK 
945 |d 20170602 23:29:00  |a dcastane 
260 |a Cuernavaca  |b Panorama  |c 2001 
650 0 |a Marketing  |9 259324 
650 0 |a Administración de empresas   |9 260833 
650 0 |a Planificación estratégica   |9 259735 
583 |a last modification  |c 20170602 23:29:00  |k Rodrigo Vera 
999 |c 368327  |d 368325